000 00358nam a2200145Ia 4500
008 150201s2014 xx 000 0 und d
082 _a614
_bC14S
100 _aSURYAKANTHA, AH.
245 _aCOMMUNITY MEDICINE WITH RECENT ADVANCES
250 _a3RD
260 _bJAYPEE
_aDELHI
_c2014
300 _a1-941
650 _aCOMMUNITY MEDICINE
942 _2ddc
_cBK
999 _c1620
_d1620